[Event "Mauricie op"]
[Site "Trois-Rivieres "]
[Date "2013.03.15"]
[Round "1"]
[White "Lebeau, Gilbert"]
[Black "Larochelle, Martial"]
[Result "1-0"]
[WhiteElo "1978"]
[BlackElo "2199"]
[PlyCount "77"]
[EventDate "2013.03.15"]
[EventRounds "5"]
[EventCountry "CAN"]
[SourceDate "2005.09.12"]

1. d4 Nf6 2. Bf4 g6 3. Nf3 Bg7 4. e3 d6 5. Be2 O-O 6. O-O c5 7. c3 b6 8. Nbd2
Bb7 9. Qc2 Nbd7 10. Rfd1 Rc8 11. Bd3 Nh5 12. Bg5 h6 13. Bh4 g5 14. Bg3 Nxg3 15.
hxg3 e6 16. Qa4 a6 17. Be4 Qc7 18. Rac1 Bxe4 19. Nxe4 d5 20. Ned2 cxd4 21. exd4
Qc6 22. Qa3 Rfd8 23. Nf1 b5 24. g4 a5 25. b3 Qb6 26. Qb2 Rc7 27. Qd2 Nf6 28.
Ng3 Rdc8 29. Ne5 Qd6 30. f3 Nxg4 31. fxg4 f6 32. Qd3 fxe5 33. Qg6 Qe7 34. dxe5
Qf7 35. Qd3 Bxe5 36. Nh5 Bxc3 37. Kh1 Qh7 38. Rxc3 Rxc3 39. Nf6+ 1-0

[Event "Mauricie op"]
[Site "Trois-Rivieres "]
[Date "2013.03.15"]
[Round "1"]
[White "Zhou, Qiyu"]
[Black "Dumouchel, Alain"]
[Result "1/2-1/2"]
[WhiteElo "2155"]
[BlackElo "1967"]
[PlyCount "57"]
[EventDate "2013.03.15"]
[EventRounds "5"]
[EventCountry "CAN"]
[SourceDate "2005.09.12"]

1. e4 e5 2. Nf3 Nc6 3. Bb5 f5 4. d3 fxe4 5. dxe4 Nf6 6. O-O Bc5 7. Bg5 d6 8.
Nc3 O-O 9. Nd5 Bg4 10. Nxf6+ gxf6 11. Bh6 Nd4 12. Bc4+ Kh8 13. Bxf8 Qxf8 14.
Kh1 f5 15. Be2 Nxe2 16. Qxe2 d5 17. Qd2 Bxf3 18. gxf3 fxe4 19. Rg1 Qxf3+ 20.
Rg2 Rg8 21. Rag1 d4 22. Qh6 Rg6 23. Qh4 e3 24. fxe3 dxe3 25. Qd8+ Bf8 26. Qxc7
Rxg2 27. Rxg2 Qd1+ 28. Rg1 Qd5+ 29. Rg2 1/2-1/2

[Event "Mauricie op"]
[Site "Trois-Rivieres "]
[Date "2013.03.15"]
[Round "1"]
[White "Gelet, Seymour"]
[Black "Trottier, Yves"]
[Result "1/2-1/2"]
[WhiteElo "2103"]
[BlackElo "1865"]
[PlyCount "75"]
[EventDate "2013.03.15"]
[EventRounds "5"]
[EventCountry "CAN"]
[SourceDate "2005.09.12"]

1. d4 d5 2. c4 e5 3. e3 dxc4 4. Bxc4 exd4 5. exd4 Nf6 6. Nf3 Bb4+ 7. Nc3 O-O 8.
O-O Bg4 9. Bg5 Nbd7 10. Qb3 Bxc3 11. Qxc3 Nb6 12. Ne5 Bh5 13. Bb3 Ne4 14. Bxd8
Nxc3 15. Bxc7 Ne2+ 16. Kh1 Nxd4 17. Bd1 Bg6 18. Nxg6 hxg6 19. Bg4 Nc6 20. Rad1
Rfe8 21. Rfe1 Rxe1+ 22. Rxe1 Nd5 23. Bg3 Nf6 24. Bf3 Rd8 25. h3 Rd2 26. Re2 Rd7
27. Bxc6 bxc6 28. Rc2 Rb7 29. b3 Rb6 30. f3 Nd5 31. Bf2 Ra6 32. Bc5 Nc7 33. a4
Ne6 34. Be3 Kf8 35. Kg1 Ke7 36. Rd2 c5 37. Kf2 c4 38. bxc4 1/2-1/2

[Event "Mauricie op"]
[Site "Trois-Rivieres "]
[Date "2013.03.16"]
[Round "2"]
[White "Berube, Antoine"]
[Black "Sambuev, Bator"]
[Result "1/2-1/2"]
[WhiteElo "2258"]
[BlackElo "2579"]
[PlyCount "124"]
[EventDate "2013.03.15"]
[EventRounds "5"]
[EventCountry "CAN"]
[SourceDate "2005.09.12"]

1. d4 e6 2. c4 d5 3. Nc3 c6 4. Nf3 dxc4 5. a4 Bb4 6. e3 b5 7. Bd2 a5 8. axb5
Bxc3 9. Bxc3 cxb5 10. b3 Bb7 11. d5 Nf6 12. bxc4 b4 13. Bxf6 Qxf6 14. Qa4+ Nd7
15. Nd4 e5 16. Nb3 Ke7 17. Be2 Rhc8 18. O-O Nc5 19. Nxc5 Rxc5 20. Rad1 Qd6 21.
f4 e4 22. f5 Kf8 23. f6 gxf6 24. Qa1 Ra6 25. Qd4 Rc8 26. Qxe4 Qc5 27. Rd4 Re8
28. Qxh7 Ke7 29. Bh5 Rf8 30. Bxf7 Kd8 31. Be6 Qe7 32. Qxe7+ Kxe7 33. c5 Rxe6
34. dxe6 Bc6 35. Rd6 Rc8 36. Ra1 b3 37. Rxc6 b2 38. Rb1 Rxc6 39. Rxb2 Kxe6 40.
Kf2 a4 41. Ke2 Rxc5 42. Rb6+ Ke5 43. Ra6 Rc2+ 44. Kf3 Ra2 45. Ra5+ Ke6 46. h4
a3 47. Ra6+ Ke5 48. Ra5+ Ke6 49. g3 Ra1 50. Kg4 a2 51. h5 f5+ 52. Kg5 Rg1 53.
Rxa2 Rxg3+ 54. Kf4 Rg4+ 55. Kf3 Rh4 56. Ra6+ Ke5 57. Rh6 Rh3+ 58. Ke2 f4 59.
exf4+ Kxf4 60. Rh8 Kg5 61. h6 Rxh6 62. Rxh6 Kxh6 1/2-1/2

[Event "Mauricie op"]
[Site "Trois-Rivieres "]
[Date "2013.03.16"]
[Round "2"]
[White "Lebeau, Gilbert"]
[Black "Djerkovic, Miladin"]
[Result "0-1"]
[WhiteElo "1978"]
[BlackElo "2287"]
[PlyCount "112"]
[EventDate "2013.03.15"]
[EventRounds "5"]
[EventCountry "CAN"]
[SourceDate "2005.09.12"]

1. d4 d5 2. Bf4 Nf6 3. Nf3 c5 4. e3 Nc6 5. c3 Qb6 6. Qb3 c4 7. Qxb6 axb6 8.
Nbd2 b5 9. b4 Ra3 10. Nb1 Ra6 11. a3 Bf5 12. Nbd2 h6 13. h3 e6 14. Be2 Nxb4 15.
cxb4 Bxb4 16. O-O Bxa3 17. Ra2 Ke7 18. Ne5 Rha8 19. f3 Bb4 20. Rb2 Bc3 21. Rxb5
Bxd2 22. Rxb7+ Kf8 23. Rxf7+ Kg8 24. g4 Bh7 25. g5 hxg5 26. Bxg5 R6a7 27. Rxa7
Rxa7 28. Kf2 Ra3 29. Nxc4 dxc4 30. Bxc4 Kf7 31. Rd1 Bb4 32. Bxf6 gxf6 33. e4
Rc3 34. Bd3 Ba3 35. Ke2 Bc1 36. Bb1 Bf4 37. Rd3 Rc1 38. Rd1 Rxd1 39. Kxd1 Be3
40. d5 e5 41. Ke2 Bg5 42. Bd3 Ke7 43. Ba6 Kd7 44. Bb5+ Ke7 45. Ba6 f5 46. Kd3
Kd6 47. Bc8 f4 48. Kc4 Bg6 49. Kd3 Be8 50. Ke2 Bb5+ 51. Kf2 Kc5 52. Kg2 Kd4 53.
h4 Bxh4 54. Kh3 Be7 55. Kg4 Be2 56. Bb7 Bd6 0-1

[Event "Mauricie op"]
[Site "Trois-Rivieres "]
[Date "2013.03.16"]
[Round "2"]
[White "Nunez, Omar"]
[Black "Laptos, Kris"]
[Result "0-1"]
[WhiteElo "2027"]
[BlackElo "2238"]
[PlyCount "74"]
[EventDate "2013.03.15"]
[EventRounds "5"]
[EventCountry "CAN"]
[SourceDate "2005.09.12"]

1. Nf3 Nf6 2. g3 d5 3. Bg2 g6 4. O-O Bg7 5. d3 O-O 6. Nbd2 Nc6 7. e4 e5 8. Re1
d4 9. Nc4 Nd7 10. a4 a5 11. b3 Re8 12. Bg5 f6 13. Bd2 Nc5 14. Nxa5 Nxa5 15. b4
Nc6 16. bxc5 Qe7 17. c4 dxc3 18. Qb3+ Kh8 19. Qxc3 Bg4 20. Be3 f5 21. Bc1 f4
22. Nd2 Nd4 23. f3 Be6 24. g4 Bf8 25. c6 Nxc6 26. Ba3 Qf7 27. Bc5 Bxc5+ 28.
Qxc5 Ra5 29. Qc3 Rea8 30. Reb1 R8a7 31. Rxb7 Rxb7 32. Qxc6 Rba7 33. Rb1 Kg7 34.
Qc3 Qd7 35. Kh1 Qd6 36. Nb3 Bxb3 37. Qxb3 Rxa4 0-1

[Event "Mauricie op"]
[Site "Trois-Rivieres "]
[Date "2013.03.16"]
[Round "2"]
[White "Bolduc, Steve"]
[Black "Bleau, John"]
[Result "1-0"]
[WhiteElo "2215"]
[BlackElo "1974"]
[PlyCount "69"]
[EventDate "2013.03.15"]
[EventRounds "5"]
[EventCountry "CAN"]
[SourceDate "2005.09.12"]

1. d4 Nf6 2. c4 e6 3. Nc3 c5 4. d5 exd5 5. cxd5 Bd6 6. Bg5 h6 7. Bh4 O-O 8. Nf3
Re8 9. e3 a6 10. a4 Qe7 11. Be2 b6 12. Nd2 Bc7 13. Nce4 g5 14. d6 Bxd6 15. Bf3
Nc6 16. Nxf6+ Qxf6 17. Bg3 Bxg3 18. hxg3 Qd6 19. Nc4 Qxd1+ 20. Rxd1 b5 21. Nd6
Re6 22. Bg4 Ne5 23. Bxe6 dxe6 24. O-O Kg7 25. f4 Nc4 26. Nxc4 bxc4 27. fxg5
hxg5 28. Rd8 Bb7 29. Rxa8 Bxa8 30. Rc1 Bd5 31. e4 Bxe4 32. Rxc4 Bc6 33. a5 f5
34. Rxc5 Bb5 35. Rxb5 1-0

[Event "Mauricie op"]
[Site "Trois-Rivieres "]
[Date "2013.03.16"]
[Round "2"]
[White "Poulin, Mathieu"]
[Black "Zhou, Qiyu"]
[Result "1-0"]
[WhiteElo "2002"]
[BlackElo "2155"]
[PlyCount "71"]
[EventDate "2013.03.15"]
[EventRounds "5"]
[EventCountry "CAN"]
[SourceDate "2005.09.12"]

1. d4 Nf6 2. c4 e6 3. Nc3 Bb4 4. Qc2 O-O 5. a3 Bxc3+ 6. Qxc3 b6 7. Bg5 Bb7 8.
e3 h6 9. Bh4 d6 10. f3 Nbd7 11. Bd3 Qe8 12. Ne2 Rc8 13. O-O d5 14. c5 c6 15.
Bg3 Kh8 16. b4 Rg8 17. Bd6 Qd8 18. e4 Ne8 19. e5 Nxd6 20. exd6 Nb8 21. f4 Ba6
22. Bxa6 Nxa6 23. f5 Re8 24. fxe6 Rxe6 25. Qd3 Nb8 26. Rxf7 Qe8 27. Raf1 Nd7
28. Qg3 g5 29. Qd3 Re4 30. Ng3 Kg8 31. Nxe4 dxe4 32. Qh3 e3 33. Qxd7 e2 34.
Rg7+ Kh8 35. Rh7+ Kg8 36. Qg7# 1-0

[Event "Mauricie op"]
[Site "Trois-Rivieres "]
[Date "2013.03.16"]
[Round "2"]
[White "Luksza, Arkadiusz"]
[Black "Thomas, Raymond"]
[Result "1-0"]
[WhiteElo "2129"]
[BlackElo "1988"]
[PlyCount "99"]
[EventDate "2013.03.15"]
[EventRounds "5"]
[EventCountry "CAN"]
[SourceDate "2005.09.12"]

1. d4 Nf6 2. c4 e6 3. Nc3 Bb4 4. e3 c5 5. dxc5 Ne4 6. Bd2 Bxc3 7. Bxc3 Nxc3 8.
bxc3 O-O 9. Nf3 Qa5 10. Qc2 Na6 11. Be2 Nxc5 12. O-O f5 13. Rab1 Ne4 14. Rb3
Qc7 15. Nd4 b6 16. f3 Nc5 17. Rbb1 Qe5 18. Qd2 Bb7 19. Nb3 Rad8 20. Qd4 Qc7 21.
Nxc5 bxc5 22. Qd2 Bc6 23. Rfe1 Rf6 24. Red1 d6 25. Bd3 e5 26. Qe2 Rdf8 27. e4
f4 28. Rb2 Qf7 29. Qf2 g5 30. Rdb1 Qc7 31. Rb3 h5 32. h3 g4 33. Qh4 gxh3 34.
Qg5+ Qg7 35. Qxg7+ Kxg7 36. gxh3 Rg6+ 37. Kf2 Rg3 38. Bf1 Kf6 39. Ra3 Rg7 40.
Ra6 Rc7 41. h4 Ke7 42. Bh3 Rg8 43. Rb3 Bd7 44. Bf1 Be6 45. Rb2 Bd7 46. Rd2 Rg6
47. Rd5 Bc6 48. Rd1 Bd7 49. Rd2 Rb7 50. Be2 1-0

[Event "Mauricie op"]
[Site "Trois-Rivieres "]
[Date "2013.03.16"]
[Round "2"]
[White "Dumouchel, Alain"]
[Black "Gelet, Seymour"]
[Result "1-0"]
[WhiteElo "1967"]
[BlackElo "2103"]
[PlyCount "49"]
[EventDate "2013.03.15"]
[EventRounds "5"]
[EventCountry "CAN"]
[SourceDate "2005.09.12"]

1. e4 c5 2. Nf3 Nc6 3. d4 cxd4 4. Nxd4 Nf6 5. Nc3 e5 6. Ndb5 d6 7. Bg5 a6 8.
Bxf6 gxf6 9. Na3 b5 10. Nd5 f5 11. Bxb5 axb5 12. Nxb5 Rb8 13. Ndc7+ Kd7 14. O-O
Rb7 15. Qd5 Rxc7 16. Rad1 Qf6 17. f4 Kd8 18. Qc5 Bd7 19. Qb6 exf4 20. Qxc7+ Ke8
21. exf5 Rg8 22. Rfe1+ Ne5 23. Qb8+ Qd8 24. Nc7+ Ke7 25. f6+ 1-0

[Event "Mauricie op"]
[Site "Trois-Rivieres "]
[Date "2013.03.16"]
[Round "2"]
[White "Larochelle, Martial"]
[Black "Lepine, Cedric"]
[Result "1/2-1/2"]
[WhiteElo "2199"]
[BlackElo "2036"]
[PlyCount "126"]
[EventDate "2013.03.15"]
[EventRounds "5"]
[EventCountry "CAN"]
[SourceDate "2005.09.12"]

1. c4 e5 2. g3 f5 3. Nc3 Nf6 4. Bg2 d6 5. d3 Be7 6. Nf3 O-O 7. O-O c6 8. Rb1 h6
9. c5 Be6 10. cxd6 Bxd6 11. b4 Nd5 12. Bd2 Qe7 13. a3 Nd7 14. Qc2 Rac8 15. Qb2
N7b6 16. Nxd5 Bxd5 17. Qa1 e4 18. dxe4 fxe4 19. Nd4 Nc4 20. Qc3 c5 21. bxc5
Bxc5 22. a4 Bb6 23. Rb5 Rc5 24. Rxc5 Qxc5 25. Nb3 Qc6 26. Bc1 e3 27. Bxd5+ Qxd5
28. f3 Nd2 29. Bb2 Rf7 30. Qc8+ Rf8 31. Qc3 Rf7 32. Qc8+ Kh7 33. Qc2+ Qf5 34.
Qxf5+ Rxf5 35. Nxd2 exd2+ 36. Kg2 Be3 37. f4 Rc5 38. Kf3 Rc1 39. Kxe3 Rxf1 40.
Kxd2 Rh1 41. Bd4 b6 42. h4 Kg6 43. Kd3 Rc1 44. e4 h5 45. f5+ Kf7 46. e5 g6 47.
e6+ Ke7 48. Be3 Rc6 49. Bg5+ Ke8 50. Ke4 Rc4+ 51. Ke5 Rc5+ 52. Kf6 gxf5 53. Kg6
Re5 54. Bf4 Rxe6+ 55. Kxh5 Rf6 56. Kg5 Rf7 57. h5 Kf8 58. Kg6 Kg8 59. h6 a6 60.
Be5 b5 61. axb5 axb5 62. Bc3 Rb7 63. Bb4 Rf7 1/2-1/2

[Event "Mauricie op"]
[Site "Trois-Rivieres "]
[Date "2013.03.16"]
[Round "2"]
[White "Luo, Zhao Yang"]
[Black "Libersan, Thierry"]
[Result "1-0"]
[WhiteElo "2010"]
[BlackElo "2079"]
[PlyCount "71"]
[EventDate "2013.03.15"]
[EventRounds "5"]
[EventCountry "CAN"]
[SourceDate "2005.09.12"]

1. d4 Nf6 2. Nf3 c5 3. e3 g6 4. c4 Bg7 5. Nc3 O-O 6. Be2 cxd4 7. exd4 d5 8. O-O
Nc6 9. h3 h6 10. Ne5 Be6 11. Bf3 Rc8 12. Re1 g5 13. b3 Qa5 14. Bd2 Nxd4 15.
Nxd5 Nxf3+ 16. Nxf3 Qd8 17. Nc3 g4 18. hxg4 Bxg4 19. Re3 e6 20. Qe1 Qd6 21. Ne5
Rfd8 22. Rd3 Qc5 23. Rg3 Rxd2 24. Nxg4 Nxg4 25. Qxd2 h5 26. Rd1 Qb6 27. Ne4 f5
28. Ng5 Rf8 29. Nh3 Bf6 30. Qd4 Rf7 31. Qd6 Qa5 32. Qxe6 Kg7 33. Nf4 h4 34.
Nh5+ Kg6 35. Rd5 Qxd5 36. Rxg4+ 1-0

[Event "Mauricie op"]
[Site "Trois-Rivieres "]
[Date "2013.03.16"]
[Round "2"]
[White "Robichaud, Louis"]
[Black "Yang, Ryan"]
[Result "1-0"]
[WhiteElo "2053"]
[BlackElo "1917"]
[PlyCount "63"]
[EventDate "2013.03.15"]
[EventRounds "5"]
[EventCountry "CAN"]
[SourceDate "2005.09.12"]

1. e4 c5 2. Nc3 Nc6 3. g3 g6 4. Bg2 Bg7 5. d3 d6 6. f4 e6 7. Nf3 Nge7 8. O-O
O-O 9. Be3 Nd4 10. e5 Nef5 11. Bf2 Nxf3+ 12. Qxf3 Nd4 13. Qd1 dxe5 14. fxe5
Bxe5 15. Ne4 Nf5 16. Bxc5 Bd4+ 17. Bxd4 Qxd4+ 18. Rf2 Bd7 19. c3 Qg7 20. g4 Ne3
21. Qf3 Nxg2 22. Nf6+ Kh8 23. Qxg2 Bc6 24. Qh3 Rad8 25. Re1 Rd6 26. Re5 Rfd8
27. d4 Bd5 28. a3 b5 29. g5 a5 30. Rf4 h5 31. Rh4 Ba2 32. Rxh5+ 1-0

[Event "Mauricie op"]
[Site "Trois-Rivieres "]
[Date "2013.03.16"]
[Round "2"]
[White "Trottier, Yves"]
[Black "Poirier, Erik"]
[Result "1/2-1/2"]
[WhiteElo "1865"]
[BlackElo "2057"]
[PlyCount "74"]
[EventDate "2013.03.15"]
[EventRounds "5"]
[EventCountry "CAN"]
[SourceDate "2005.09.12"]

1. e4 c5 2. Nc3 Nc6 3. g3 g6 4. Bg2 Bg7 5. f4 d6 6. Nf3 e6 7. O-O Nge7 8. d3
O-O 9. Be3 Nd4 10. e5 Nef5 11. Bf2 Nxf3+ 12. Qxf3 Nd4 13. Qd1 dxe5 14. fxe5
Bxe5 15. Ne4 f5 16. Nxc5 Qc7 17. b4 a5 18. c3 Nb5 19. c4 Nc3 20. Qb3 axb4 21.
Qxb4 Qa5 22. Qxa5 Rxa5 23. Rae1 Bf6 24. Nxe6 Rf7 25. Nf4 Rxa2 26. Nd5 Ne2+ 27.
Kh1 Kg7 28. Bf3 Nd4 29. Nxf6 Nxf3 30. Ne8+ Kg8 31. Ra1 Rxa1 32. Rxa1 Re7 33.
Nf6+ Kg7 34. Nd5 Re2 35. Kg2 Ng5 36. Kf1 Rd2 37. Ra8 Nf3 1/2-1/2

[Event "Mauricie op"]
[Site "Trois-Rivieres "]
[Date "2013.03.16"]
[Round "2"]
[White "Sun, Mike"]
[Black "Trottier, Emile"]
[Result "1/2-1/2"]
[WhiteElo "2084"]
[BlackElo "2010"]
[PlyCount "64"]
[EventDate "2013.03.15"]
[EventRounds "5"]
[EventCountry "CAN"]
[SourceDate "2005.09.12"]

1. e4 c5 2. Nc3 Nc6 3. Bb5 a6 4. Bxc6 bxc6 5. f4 d5 6. d3 Nf6 7. Bd2 Bg4 8. Nf3
e6 9. h3 Bxf3 10. Qxf3 Be7 11. O-O Qb6 12. Na4 Qb5 13. b3 c4 14. e5 Nd7 15.
dxc4 dxc4 16. Nc3 Qb6+ 17. Be3 Bc5 18. Bxc5 Nxc5 19. Qe3 Nd7 20. Qxb6 Nxb6 21.
Ne4 Ke7 22. Nd6 f6 23. Rad1 fxe5 24. fxe5 Rhf8 25. Rd4 Rxf1+ 26. Kxf1 cxb3 27.
cxb3 Nd7 28. Nc4 Rf8+ 29. Ke2 h5 30. g4 g6 31. Re4 Nc5 32. Rd4 Nd7 1/2-1/2

[Event "Mauricie op"]
[Site "Trois-Rivieres "]
[Date "2013.03.16"]
[Round "3"]
[White "Berube, Antoine"]
[Black "Luksza, Arkadiusz"]
[Result "1/2-1/2"]
[WhiteElo "2258"]
[BlackElo "2129"]
[PlyCount "68"]
[EventDate "2013.03.15"]
[EventRounds "5"]
[EventCountry "CAN"]
[SourceDate "2005.09.12"]

1. d4 d5 2. c4 c6 3. Nc3 Nf6 4. e3 e6 5. Nf3 Nbd7 6. Qc2 Bd6 7. b3 O-O 8. Be2
b6 9. O-O Bb7 10. e4 dxe4 11. Nxe4 Nxe4 12. Qxe4 Qc7 13. Bb2 Rae8 14. Rad1 e5
15. dxe5 Nxe5 16. Nxe5 Bxe5 17. Bxe5 Rxe5 18. Qf4 c5 19. Bf3 Bxf3 20. Qxf3 Rfe8
21. Rd2 g6 22. g3 Qe7 23. Rfd1 Re1+ 24. Kg2 Rxd1 25. Qxd1 Qe4+ 26. Qf3 Qxf3+
27. Kxf3 Re7 28. Rd6 Kg7 29. h4 h5 30. Rc6 Kf8 31. Rc8+ Kg7 32. Rd8 Kf6 33. Rd2
Kf5 34. Rd5+ Kf6 1/2-1/2

[Event "Mauricie op"]
[Site "Trois-Rivieres "]
[Date "2013.03.16"]
[Round "3"]
[White "Laptos, Kris"]
[Black "Dumouchel, Alain"]
[Result "1-0"]
[WhiteElo "2238"]
[BlackElo "1967"]
[PlyCount "39"]
[EventDate "2013.03.15"]
[EventRounds "5"]
[EventCountry "CAN"]
[SourceDate "2005.09.12"]

1. c4 e5 2. g3 Nf6 3. Bg2 c6 4. Nf3 e4 5. Nd4 d5 6. Nc3 Qb6 7. Nc2 a5 8. d3
exd3 9. Qxd3 dxc4 10. Qxc4 Be6 11. Qf4 Bb4 12. O-O O-O 13. Be3 Qa6 14. Nxb4
axb4 15. Qxb4 Nd5 16. Nxd5 Bxd5 17. Bxd5 cxd5 18. Rfd1 Qxe2 19. Re1 Qa6 20.
Qxf8+ 1-0

[Event "Mauricie op"]
[Site "Trois-Rivieres "]
[Date "2013.03.16"]
[Round "3"]
[White "Qin, Zi Yi (Joey)"]
[Black "Poulin, Mathieu"]
[Result "1-0"]
[WhiteElo "2459"]
[BlackElo "2002"]
[PlyCount "41"]
[EventDate "2013.03.15"]
[EventRounds "5"]
[EventCountry "CAN"]
[SourceDate "2005.09.12"]

1. e4 c6 2. d4 d5 3. exd5 cxd5 4. c4 Nf6 5. Nc3 e6 6. Nf3 Nc6 7. cxd5 Nxd5 8.
Bd3 Bb4 9. Qc2 Qf6 10. O-O Nxd4 11. Nxd4 Qxd4 12. Nxd5 Qxd5 13. Be3 Bd6 14. g3
h5 15. Be4 Qa5 16. Rfd1 Ke7 17. Rxd6 Kxd6 18. b4 Qa6 19. Rd1+ Ke7 20. Qc7+ Kf6
21. Bd4+ 1-0

[Event "Mauricie op"]
[Site "Trois-Rivieres "]
[Date "2013.03.16"]
[Round "3"]
[White "Masse, Hugues"]
[Black "Luo, Zhao Yang"]
[Result "1-0"]
[WhiteElo "2212"]
[BlackElo "2010"]
[PlyCount "57"]
[EventDate "2013.03.15"]
[EventRounds "5"]
[EventCountry "CAN"]
[SourceDate "2005.09.12"]

1. d4 Nf6 2. c4 g6 3. g3 Bg7 4. Bg2 O-O 5. Nc3 c6 6. e4 d6 7. Nf3 Qa5 8. O-O
Na6 9. Re1 Qb4 10. Bf1 Bg4 11. h3 Bxf3 12. Qxf3 e5 13. d5 Nc5 14. Bg5 Ncd7 15.
a3 Qb6 16. dxc6 Qxc6 17. Rad1 h6 18. Be3 a6 19. Rd2 Rfb8 20. Red1 Bf8 21. Bd3
Ne8 22. Nd5 Nc7 23. Nb4 Qa4 24. Bc2 Qa5 25. h4 Kg7 26. h5 Be7 27. Rxd6 Bxd6 28.
Rxd6 Nf8 29. Bb6 1-0

[Event "Mauricie op"]
[Site "Trois-Rivieres "]
[Date "2013.03.16"]
[Round "3"]
[White "Poirier, Erik"]
[Black "Lebeau, Gilbert"]
[Result "1/2-1/2"]
[WhiteElo "2057"]
[BlackElo "1978"]
[PlyCount "65"]
[EventDate "2013.03.15"]
[EventRounds "5"]
[EventCountry "CAN"]
[SourceDate "2005.09.12"]

1. d4 e6 2. e4 d5 3. e5 c5 4. c3 Qb6 5. Nf3 Nc6 6. a3 a5 7. Be2 Nge7 8. b3 Nf5
9. Bb2 Be7 10. O-O O-O 11. dxc5 Bxc5 12. b4 Be7 13. Nbd2 Qc7 14. Re1 Nxe5 15.
Nxe5 Qxe5 16. Bd3 Qd6 17. Bxf5 exf5 18. Nb3 b6 19. Nd4 Bf6 20. Qd3 g6 21. Rad1
Bb7 22. Bc1 Rfe8 23. Rxe8+ Rxe8 24. bxa5 bxa5 25. Qb5 Rb8 26. Qxa5 Kg7 27. Qb5
Ba6 28. Qc6 Qxc6 29. Nxc6 Rb6 30. Nd4 Bc4 31. Be3 Ra6 32. Ra1 Ra4 33. f3
1/2-1/2

[Event "Mauricie op"]
[Site "Trois-Rivieres "]
[Date "2013.03.16"]
[Round "3"]
[White "Trottier, Emile"]
[Black "Larochelle, Martial"]
[Result "0-1"]
[WhiteElo "2010"]
[BlackElo "2199"]
[PlyCount "76"]
[EventDate "2013.03.15"]
[EventRounds "5"]
[EventCountry "CAN"]
[SourceDate "2005.09.12"]

1. e4 e5 2. Nf3 Nc6 3. Bb5 a6 4. Bxc6 dxc6 5. O-O Bd6 6. d4 exd4 7. Nxd4 Ne7 8.
h3 O-O 9. Nd2 Ng6 10. Nc4 Be7 11. c3 Qe8 12. Kh1 Bf6 13. Qc2 Ne5 14. Nxe5 Bxe5
15. f4 Bd6 16. Be3 f6 17. Rae1 Qh5 18. Bg1 c5 19. Nb3 Bd7 20. Nd2 Bb5 21. c4
Bc6 22. Qd1 Qh6 23. Qg4 Rae8 24. e5 fxe5 25. fxe5 Qxd2 26. Rd1 Qxg2+ 27. Qxg2
Bxg2+ 28. Kxg2 Rxf1 29. Kxf1 Rxe5 30. Re1 Rxe1+ 31. Kxe1 Kf7 32. Ke2 Ke6 33.
Kf3 Kf5 34. b3 g5 35. Bf2 h5 36. Be1 Be5 37. Bf2 b6 38. Be1 g4+ 0-1

[Event "Mauricie op"]
[Site "Trois-Rivieres "]
[Date "2013.03.16"]
[Round "3"]
[White "Gelet, Seymour"]
[Black "Thomas, Raymond"]
[Result "1/2-1/2"]
[WhiteElo "2103"]
[BlackElo "1988"]
[PlyCount "31"]
[EventDate "2013.03.15"]
[EventRounds "5"]
[EventCountry "CAN"]
[SourceDate "2005.09.12"]

1. d4 Nf6 2. c4 e6 3. Nc3 Bb4 4. Qc2 c5 5. Nf3 Nc6 6. e3 cxd4 7. exd4 Qa5 8.
Bd2 d5 9. a3 dxc4 10. Bxc4 O-O 11. O-O Be7 12. Nd5 Qd8 13. Nxe7+ Nxe7 14. Bg5
Ned5 15. Rac1 Qd6 16. Rfd1 1/2-1/2

[Event "Mauricie op"]
[Site "Trois-Rivieres "]
[Date "2013.03.16"]
[Round "3"]
[White "Wilkin, Alain"]
[Black "Sun, Mike"]
[Result "1/2-1/2"]
[WhiteElo "1984"]
[BlackElo "2084"]
[PlyCount "77"]
[EventDate "2013.03.15"]
[EventRounds "5"]
[EventCountry "CAN"]
[SourceDate "2005.09.12"]

1. e4 c5 2. Nf3 d6 3. d3 Nc6 4. Nbd2 g6 5. g3 Bg7 6. Bg2 Nf6 7. O-O O-O 8. a4
Rb8 9. c3 a6 10. Re1 b5 11. axb5 axb5 12. d4 cxd4 13. cxd4 Bg4 14. h3 Bxf3 15.
Nxf3 d5 16. e5 Ne4 17. Be3 Na5 18. Ng5 Nxg5 19. Bxg5 Nc6 20. Be3 e6 21. Qd2 Ra8
22. Bf1 Qb6 23. f4 Na5 24. Qd3 b4 25. b3 Rfc8 26. Rec1 Nc6 27. Rab1 Ra3 28. Qb5
Qxb5 29. Bxb5 Na7 30. Ba4 Ra2 31. Rxc8+ Nxc8 32. Rc1 Nb6 33. f5 Bf8 34. Bb5 Ra5
35. Bd3 Ra3 36. Bc2 Ra8 37. fxe6 fxe6 38. Bd1 Rc8 39. Ra1 1/2-1/2

[Event "Mauricie op"]
[Site "Trois-Rivieres "]
[Date "2013.03.16"]
[Round "3"]
[White "Bleau, John"]
[Black "Lepine, Cedric"]
[Result "1/2-1/2"]
[WhiteElo "1974"]
[BlackElo "2036"]
[PlyCount "65"]
[EventDate "2013.03.15"]
[EventRounds "5"]
[EventCountry "CAN"]
[SourceDate "2005.09.12"]

1. d4 Nf6 2. c4 g6 3. g3 d5 4. cxd5 Nxd5 5. Nf3 Bg7 6. Bg2 O-O 7. O-O Nc6 8.
Nc3 Nxc3 9. bxc3 e5 10. e3 Be6 11. Qa4 Qd7 12. Qc2 Bh3 13. Bb2 Bxg2 14. Kxg2 f5
15. Rfd1 e4 16. Qb3+ Kh8 17. Ng5 Rad8 18. Ba3 Rf6 19. Nh3 Bh6 20. Qb5 a6 21.
Qe2 g5 22. Ng1 f4 23. exf4 gxf4 24. gxf4 Rg8+ 25. Kh1 Rxf4 26. Bc1 Qg7 27. f3
exf3 28. Nxf3 Rg4 29. Bxh6 Qxh6 30. Rg1 Qd6 31. Rxg4 Rxg4 32. Rg1 Rxg1+ 33.
Kxg1 1/2-1/2

[Event "Mauricie op"]
[Site "Trois-Rivieres "]
[Date "2013.03.16"]
[Round "3"]
[White "Trottier, Yves"]
[Black "Robichaud, Louis"]
[Result "0-1"]
[WhiteElo "1865"]
[BlackElo "2053"]
[PlyCount "63"]
[EventDate "2013.03.15"]
[EventRounds "5"]
[EventCountry "CAN"]
[SourceDate "2005.09.12"]

1. e4 e5 2. Nf3 Nc6 3. d4 exd4 4. Bc4 Nf6 5. O-O Nxe4 6. Re1 d5 7. Bxd5 Qxd5 8.
Nc3 Qh5 9. Nxe4 Be6 10. Bg5 h6 11. Bf6 Qd5 12. Nxd4 Nxd4 13. Qxd4 Qxd4 14. Bxd4
O-O-O 15. c3 b6 16. b4 Rg8 17. a4 Bxb4 18. Bxb6 cxb6 19. cxb4 Rd4 20. a5 Rgd8
21. axb6 axb6 22. Rab1 Bf5 23. f3 Bxe4 24. fxe4 Re8 25. e5 Rd5 26. Rf1 Re7 27.
Rbe1 Kd7 28. Rd1 Rxd1 29. Rxd1+ Kc6 30. Rd6+ Kb5 31. Rd4 Rxe5 32. Kf2 0-1

[Event "Mauricie op"]
[Site "Trois-Rivieres "]
[Date "2013.03.17"]
[Round "4"]
[White "Laptos, Kris"]
[Black "Sambuev, Bator"]
[Result "0-1"]
[WhiteElo "2238"]
[BlackElo "2579"]
[PlyCount "82"]
[EventDate "2013.03.15"]
[EventRounds "5"]
[EventCountry "CAN"]
[SourceDate "2005.09.12"]

1. e4 Nf6 2. e5 Nd5 3. Nc3 Nxc3 4. bxc3 d5 5. f4 c5 6. Nf3 Nc6 7. Rb1 g6 8. Be2
Bg7 9. O-O O-O 10. d4 c4 11. Qe1 f6 12. Bd2 Rb8 13. Qh4 Bf5 14. Ne1 fxe5 15.
fxe5 b5 16. Nf3 e6 17. Bg5 Qa5 18. Bd2 Qd8 19. Bg5 Qd7 20. Rbc1 b4 21. Bd2 bxc3
22. Bxc3 h6 23. Bd2 Qe7 24. Qg3 g5 25. c3 Rb2 26. Rcd1 Rxa2 27. Ra1 Rb2 28. Qe1
Rfb8 29. h4 g4 30. Nh2 h5 31. Bg5 Qe8 32. Bc1 Rb1 33. Rxb1 Rxb1 34. Qd2 Qd8 35.
g3 Na5 36. Qa2 Nb3 37. Bg5 Qa5 38. Qxa5 Nxa5 39. Rxb1 Bxb1 40. Kf1 Nb3 41. Ke1
a5 0-1

[Event "Mauricie op"]
[Site "Trois-Rivieres "]
[Date "2013.03.17"]
[Round "4"]
[White "Luksza, Arkadiusz"]
[Black "Qin, Zi Yi (Joey)"]
[Result "0-1"]
[WhiteElo "2129"]
[BlackElo "2459"]
[PlyCount "50"]
[EventDate "2013.03.15"]
[EventRounds "5"]
[EventCountry "CAN"]
[SourceDate "2005.09.12"]

1. d4 Nf6 2. c4 g6 3. Nc3 Bg7 4. e4 d6 5. Nf3 O-O 6. h3 e5 7. d5 a5 8. g4 Na6
9. Bg5 c6 10. Nd2 Bd7 11. Rg1 Nc5 12. h4 Qb6 13. Rb1 a4 14. Be3 Qb4 15. a3 Qa5
16. Be2 Nfxe4 17. Ncxe4 Nxe4 18. Bd3 cxd5 19. cxd5 Nxd2 20. Qxd2 Qxd5 21. Rd1
Be6 22. h5 e4 23. Bb1 Qxd2+ 24. Rxd2 d5 25. Ba2 d4 0-1